000 00506nam a2200181Ia 4500
003 GCL
008 140319s9999 xx 000 0 ara d
040 _aGCL /
_cGCL
082 0 4 _a811.009
_bي ق
100 1 _aيوسف حسين بكار
245 1 0 _aقضايا فى النقد والشعر /
_cيوسف حسين بكار
300 _a167 ص
490 _a
650 0 4 _aالشعر العربى
650 0 4 _aالنقد الادبى
650 0 4 _aالشعر - تاريخ ونقد
942 _2ddc
_cBK
999 _c44709
_d44709